|
|
|
|
| LEADER |
00000csc a2200000 a 4500 |
| 001 |
88094 |
| 005 |
20231108133534.0 |
| 008 |
995121|1992 ||||||||r|||||||||||spa|| |
| 020 |
|
|
|a 8475098061
|
| 040 |
|
|
|b spa
|
| 041 |
1 |
|
|a spa
|
| 082 |
0 |
|
|a 920
|
| 100 |
1 |
|
|a Carnap, Rudolf
|9 231
|
| 245 |
1 |
1 |
|a Autobiografía intelectual
|c Rudolf Carnap
|h imp
|
| 264 |
|
|
|a Barcelona
|b Ediciones Paidos
|c 1992
|
| 300 |
|
|
|a 149 p
|c 20 cm
|
| 490 |
|
|
|a Pensamiento Contemporàneo
|n no. 23
|
| 504 |
|
|
|a incl. ref.
|
| 650 |
1 |
0 |
|a Biografías
|9 261044
|
| 650 |
1 |
|
|a Intelectuales
|9 23506
|
| 650 |
1 |
|
|a Filosofia
|
| 852 |
|
|
|a UC-CDJBV
|c TERCER PISO
|f Compra
|k sara.alvarado
|l 1
|m General
|p 19951215
|q 43,200
|r 2
|t 88094
|b 0
|d CDRC
|e CDRC
|g 920 TERCER PISO
|z 1995-51-21
|
| 942 |
|
|
|
| 999 |
|
|
|c 120028
|d 120028
|